000 00955nam a2200253Ia 4500
003 OSt
005 20220923220803.0
006 a|||||r|||| 00| 0
007 ta
008 220922b |||||||| |||| 00| 0 hin d
024 _a190,444
037 _cTextual
040 _aARTS
_cARTS
_bhin
041 _2hin
_ahin
082 _aR6v, 152L8
100 _aदेवराज, न0 कि0, संपा.
_9164615
245 0 _aभारतीय दर्शन
_b ऐतिहासिक और समीक्षात्मक विवेचन
246 _aBhāratīya darshana: aitihāsik aur samīkṣhātmak vivechana
260 _aलखनऊ
_b ऊ0 प्र0 हिन्दी संस्थान
_c1978
300 _a724पृ.
_ccm.
490 _aहि0 ग्रं0 अ0 ग्रंथांक; 158
942 _hR6v, 152L8
_cTEXL
_2CC
999 _c343219
_d343219